| 000 | 00798nam a22002177a 4500 | ||
|---|---|---|---|
| 005 | 20240530110559.0 | ||
| 008 | 160319s2009 ua f 000 0 ara d | ||
| 017 |
_a2009/10069 _bمصر . دار الكتب المصرية |
||
| 020 | _a9773563553 | ||
| 040 | _aEG-CaGPL | ||
| 082 | 0 | 4 |
_221 _a730.962 _bق/ح ف |
| 100 | 0 | _aحسن حماد . | |
| 245 | 1 | 0 |
_aفنون مصر التشكيلية فى العصر الحديث : _bرؤية جمالية و نقدية / _cحسن حماد . |
| 250 | _aط1. | ||
| 260 |
_aالقاهرة : _bهلا للنشر و التوزيع ، _c2009 . |
||
| 300 |
_a123 ص ؛ _c20 سم . |
||
| 650 | 0 | 4 | _aالفنون التشكيلية . |
| 650 | 0 | 4 |
_aالفنون التشكيلية _zمصر . |
| 942 |
_2ddc _cBK |
||
| 999 |
_c62623 _d62623 |
||